Most Played Songs Live - U2 - Statistics

General Stats
  • This quiz has been taken 544 times
  • The average score is 9 of 15
Answer Stats
Times Played Song % Correct
763 With or Without You
91%
658 One
87%
828 Sunday Bloody Sunday
87%
829 Where the Streets Have No Name
87%
463 Beautiful Day
80%
604 I Still Haven't Found What I'm Looking For
80%
886 Pride (In the Name of Love)
75%
705 New Year's Day
65%
577 Mysterious Ways
56%
499 Bad
55%
906 I Will Follow
55%
716 Bullet the Blue Sky
39%
408 40
27%
561 Until the End of the World
20%
466 The Electric Co.
16%
No matching quizzes found
Score Distribution
Percent of People with Each Score
Percentile by Number Answered
Your Score History
You have not taken this quiz